Диагностика силовых трансформаторов: учебное пособие

Bibliographic Details
Main Author: Ушаков В. Я. Василий Яковлевич
Corporate Author: Национальный исследовательский Томский политехнический университет
Other Authors: Лавринович В. А. Валерий Александрович (редактор), Мытников А. В. Алексей Владимирович
Summary:Пособие посвящено анализу причин и последствий выхода из строя силовых трансформаторов, подробному рассмотрению традиционных и новых методов и приборов диагностики их состояния, разработанных ведущими российскими и мировыми энергетическими и аппаратостроительными компаниями. Предназначено для магистрантов, обучающихся по основной образовательной программе "Высоковольтная энергетика, электроизоляционная и кабельная техника", и для бакалавров, обучающихся по направлению "Электроэнергетика", профиль "Высоковольтная электроэнергетика и электротехника".
Language:Russian
Published: Томск, Изд-во ТПУ, 2022
Subjects:
Format: Book
KOHA link:https://koha.lib.tpu.ru/cgi-bin/koha/opac-detail.pl?biblionumber=348163

MARC

LEADER 00000nam0a2200000 4500
001 348163
005 20240123105802.0
010 |a 9785438710929 
035 |a (RuTPU)RU\TPU\book\380123 
090 |a 348163 
100 |a 20221110d2022 m y0rusy50 ca 
101 0 |a rus 
102 |a RU 
105 |a a j 001zy 
200 1 |a Диагностика силовых трансформаторов  |e учебное пособие  |f В. Я. Ушаков, В. А. Лавринович, А. В. Мытников  |g Национальный исследовательский Томский политехнический университет ; под ред. В. Я. Ушакова 
210 |a Томск  |c Изд-во ТПУ  |d 2022 
215 |a 79 с.  |c ил. 
320 |a Библиогр.: с. 77 
320 |a Список условных обозначений и сокращений и терминов: с. 74-76 
330 |a Пособие посвящено анализу причин и последствий выхода из строя силовых трансформаторов, подробному рассмотрению традиционных и новых методов и приборов диагностики их состояния, разработанных ведущими российскими и мировыми энергетическими и аппаратостроительными компаниями. Предназначено для магистрантов, обучающихся по основной образовательной программе "Высоковольтная энергетика, электроизоляционная и кабельная техника", и для бакалавров, обучающихся по направлению "Электроэнергетика", профиль "Высоковольтная электроэнергетика и электротехника". 
452 1 |0 (RuTPU)RU\TPU\book\379944  |y 978-5-4387-1092-9  |t Диагностика силовых трансформаторов  |o учебное пособие  |f В. Я. Ушаков, В. А. Лавринович, А. В. Мытников  |g Национальный исследовательский Томский политехнический университет, Инженерная школа энергетики, Отделение электроэнергетики и электротехники (ОЭЭ)  |c Томск  |n Изд-во ТПУ  |d 2022 
452 |a Ушаков, Василий Яковлевич 
606 1 |a Трансформаторы силовые  |2 stltpush  |3 (RuTPU)RU\TPU\subj\61486  |9 78674 
610 1 |a поломки 
610 1 |a повреждения 
610 1 |a контроль 
610 1 |a неэлектрические методы 
610 1 |a электрические методы 
610 1 |a диагностика 
610 1 |a дефектографирование 
610 1 |a трансформаторные обмотки 
610 1 |a учебные пособия 
610 1 |a труды учёных ТПУ 
675 |a 621.314.222.6(075.8)  |v 4 
700 1 |a Ушаков  |b В. Я.  |c специалист в области электроэнергетики  |c профессор Томского политехнического университета, доктор технических наук  |f 1939-  |g Василий Яковлевич  |3 (RuTPU)RU\TPU\pers\10509  |9 2236 
701 1 |a Лавринович  |b В. А.  |c специалист в области энергетики  |c профессор Томского политехнического университета, доктор технических наук  |f 1948-  |g Валерий Александрович  |3 (RuTPU)RU\TPU\pers\27987  |9 12977 
701 1 |a Мытников  |b А. В.  |c специалист в области энергетики  |c доцент Томского политехнического университета, кандидат технических наук  |f 1966-  |g Алексей Владимирович  |3 (RuTPU)RU\TPU\pers\28065  |9 13027 
702 1 |a Ушаков  |b В. Я.  |c специалист в области электроэнергетики  |c профессор Томского политехнического университета, доктор технических наук  |f 1939-  |g Василий Яковлевич  |3 (RuTPU)RU\TPU\pers\10509  |4 340 
712 0 2 |a Национальный исследовательский Томский политехнический университет  |c (2009- )  |3 (RuTPU)RU\TPU\col\15902  |9 26305 
801 1 |a RU  |b 63413507  |c 20221110 
801 2 |a RU  |b 63413507  |c 20230123  |g RCR 
942 |c BK